书目信息 |
| 题名: |
文娱体育活动全书
|
|
| 作者: | ;共青团中央文化体育部 主编 | |
| 分册: | 下册 | |
| 出版信息: | 北京 中国青年出版社 1982.12 |
|
| 页数: | 462-1052页 | |
| 开本: | 19cm | |
| 丛书名: | ||
| 单 册: | ||
| 中图分类: | G241.3 | |
| 科图分类: | ||
| 主题词: | 文娱活动 | |
| 电子资源: | ||
| ISBN: | ||
| 000 | 00597nam0 2200193 45 | |
| 001 | 0303140963 | |
| 005 | 20060815154152.70 | |
| 010 | @dCNY1.75 | |
| 091 | @a7009.285 | |
| 100 | @a20030314d1982 km y0chiy0120 ea | |
| 101 | 0 | @achi |
| 200 | 1 | @a文娱体育活动全书@AWen Yu Ti Yu Huo Dong Quan Shu@h下册@f共青团中央文化体育部主编@FGong Qing Tuan Zhong Yang Wen Hua Ti Yu Bu Zhu Bian |
| 210 | @a北京@c中国青年出版社@d1982.12 | |
| 215 | @a462-1052页@d19cm | |
| 606 | 0 | @a文娱活动 |
| 690 | @aG241.3@v3 | |
| 711 | 02 | @a共青团中央文化体育部@4主编 |
| 801 | @aCN@bTSTC@c20060815 | |
| 905 | @dG241.3@e2:2@f1@b80712 | |
| 文娱体育活动全书.下册/共青团中央文化体育部主编.-北京:中国青年出版社,1982.12 |
| 462-1052页;19cm |
| ISBN :CNY1.75 |
| ● |
| 相关链接 |
|
|
|
|
正题名:文娱体育活动全书
索取号:G241.3/2:2
 
预约/预借
| 序号 | 登录号 | 条形码 | 馆藏地/架位号 | 状态 | 备注 |
| 1 | 0080706 | 001766422 | 密集书库/ [索取号:G241.3/2:2] | 在馆 | |
| 2 | 0080707 | 000495173 | 密集书库/ [索取号:G241.3/2:2] | 在馆 | |
| 3 | 0080708 | 001766262 | 密集书库/ [索取号:G241.3/2:2] | 在馆 | |
| 4 | 0080709 | 001766306 | 密集书库/ [索取号:G241.3/2:2] | 在馆 | |
| 5 | 0080710 | 001766342 | 密集书库/ [索取号:G241.3/2:2] | 在馆 | |
| 6 | 0080711 | 001766388 | 密集书库/ [索取号:G241.3/2:2] | 在馆 | |
| 7 | 0080712 | 000498394 | 密集书库/ [索取号:G241.3/2:2] | 在馆 | |
| 8 | 0080713 | 000495164 | 密集书库/ [索取号:G241.3/2:2] | 在馆 | |
| 9 | 0229272 | 000495182 | 第四借阅区/ [索取号:G241.3/2:2] | 在馆 | |
| 10 | 0229273 | 000498367 | 第四借阅区/ [索取号:G241.3/2:2] | 在馆 | |
| 11 | 0229274 | 000498401 | 密集书库/ [索取号:G241.3/2:2] | 在馆 | |
| 12 | 0229275 | 000498376 | 第四借阅区/ [索取号:G241.3/2:2] | 在馆 | |
| 13 | 0460324 | 204603241 | 密集书库/ [索取号:G241.3/2:2] | 在馆 |